[Event "Salvador FBX 2nd"]
[Site "Salvador"]
[Date "2009.10.16"]
[Round "13.7"]
[White "Ratai, Arthur Robert"]
[Black "Reis, Paulo F Jatoba"]
[Result "0-1"]
[WhiteElo "1800"]
[BlackElo "2330"]
[PlyCount "66"]
[EventDate "2009.10.16"]
[EventType "tourn"]
[EventRounds "13"]
[EventCountry "BRA"]
[SourceTitle "EXT 2022"]
[Source "ChessBase"]
[SourceDate "2021.10.06"]
[SourceVersion "1"]
[SourceVersionDate "2021.10.06"]
[SourceQuality "1"]

1. e4 Nf6 2. Nc3 d5 3. d3 dxe4 4. dxe4 Qxd1+ 5. Kxd1 Nc6 6. Bb5 Bg4+ 7. Nge2 0-0-0+ 8. Bd2 Nd4 9. h3 Bh5 10. g4 Bg6 11. Nxd4 Rxd4 12. e5 Ne4 13. Nxe4 Bxe4 14. Re1 Bg2 15. c3 Rd8 16. h4 e6 17. Kc2 Be7 18. h5 Bf3 19. Be2 Be4+ 20. Kc1 Rxd2 21. Kxd2 Bg5+ 22. Kd1 Rd8+ 23. Bd3 Rxd3+ 24. Kc2 Rd2+ 25. Kb3 Bc2+ 26. Ka3 Be7+ 27. b4 a5 28. Rac1 c5 29. Kb2 Bd3+ 30. Ka1 Bc4 31. bxa5 Rxa2+ 32. Kb1 Rxf2 33. Rc2 Bd3 0-1